00783nam a2200181 a 4500008004100000020001500041050001300056100002600069245016200095250001600257260003900273300002100312650002200333650003700355995007800392999001700470952011400487210330s1990 ||||||||||||||||| || u a031476271X aK 13 Bla aBlack, Henry Campbell10aBlack's law dictionary: Definitions of the terms and phrases of American and English jurisprudence, ancient and modern (6th edition)cBy Henry Campbell Black a6th edition aSt. PaulbWest Publishing Coc1990 axiv, 1657 pages  aLAW--DICTIONARIES aLAW--UNITED STATES--DICTIONARIES FCBU-MAIN LIBRARY (Kitwe)M1UREFERENCEWApr 1, 2021ZReference Collection c35975d35975 00102lcc4070a001b001cReference Collectiond2022-11-30l0oK 13 Blap750929r2022-11-30w2022-11-30y002